000 00526nam a2200181Ia 4500
003 GCL
008 140319s9999 xx 000 0 ara d
040 _aGCL /
_cGCL
082 0 4 _a191
_bز ح
100 1 _aزكى نجيب محمود
245 1 0 _aحياة الفكر فى العالم الجديد /
_cزكى نجيب محمود
300 _a253 ص
490 _a
650 0 4 _aالفلسفة الاسلامية
650 0 4 _aالثقافة العربية
650 0 4 _aالحياة الثقافية
942 _2ddc
_cBK
999 _c39509
_d39509